Mito y poder: sobre la diferencia entre feminidad y masculinidad en la novela Casandra de Christa Wolf /
Para la autora, acercarse a los viejos fantasmas asociados con las imágenes de feminidad y masculinidad que ya habitaban la diferencia entre los géneros hace más de dos quinientos años, puede ayudar a comprender las complejas contradicciones que se presentan actualmente en la vida cotidiana. La viej...
में बचाया:
| मुख्य लेखक: | |
|---|---|
| स्वरूप: | मूलपाठ |
| भाषा: | Spanish |
| श्रृंखला: | Cuaderno de Ciencias Sociales
|
| विषय: | |
| ऑनलाइन पहुंच: | https://flacso.or.cr/wp-content/uploads/2006/04/ccs_141-1.pdf |
| टैग: |
टैग जोड़ें
कोई टैग नहीं, इस रिकॉर्ड को टैग करने वाले पहले व्यक्ति बनें!
|
MARC
| LEADER | 00000 a a2200000 04500 | ||
|---|---|---|---|
| 001 | 42913 | ||
| 003 | cru CIDCACS/IIS | ||
| 005 | 20210510015124.0 | ||
| 008 | 210509b2006 CR ||||| |||| 00| 0 spa d | ||
| 040 | |a cru CIDCACS/IIS |c cru CIDCACS/IIS | ||
| 090 | |a REV0229 (141) 2006 | ||
| 100 | |a Hidalgo Xirinachs, Roxana | ||
| 245 | |a Mito y poder: |b sobre la diferencia entre feminidad y masculinidad en la novela Casandra de Christa Wolf / |c Roxana Hidalgo Xirinachs | ||
| 440 | |9 9960 |a Cuaderno de Ciencias Sociales | ||
| 520 | |a Para la autora, acercarse a los viejos fantasmas asociados con las imágenes de feminidad y masculinidad que ya habitaban la diferencia entre los géneros hace más de dos quinientos años, puede ayudar a comprender las complejas contradicciones que se presentan actualmente en la vida cotidiana. La vieja tensión entre tradición y modernidad se convierte en un eje central del conflicto, que marca insistentemente la llamada guerra entre los sexos. La discriminación, la desigualdad y la violencia entre los géneros surgen de pronto de forma desproporcionada frente a la igualdad jurídica y política que actualmente predomina, todavía en grados muy diversos, en las sociedades occidentales. Es a este nivel de desgarramiento al que se pretende acercar este estudio, al abordar críticamente las imágenes de feminidad y masculinidad en la novela Casandra de Christa Wolf. | ||
| 650 | |a MITOLOGIA | ||
| 650 | |a LITERATURA | ||
| 650 | 0 | |a ANALISIS DE GENERO |9 4509 | |
| 650 | |a MASCULINIDAD | ||
| 650 | |a FEMINIDAD | ||
| 773 | |g número141 (2006), 79 páginas |o REV029(141) 2006 |t Cuaderno de Ciencias Sociales | ||
| 773 | 0 | |0 19554 |9 5587 |a FLACSO, Costa Rica |d San José, Costa Rica: FLACSO, |o 02499 |t Cuaderno de Ciencias Sociales / |x 14093677 | |
| 856 | |u https://flacso.or.cr/wp-content/uploads/2006/04/ccs_141-1.pdf | ||
| 942 | |2 ddc |c PP | ||
| 999 | |c 26022 |d 26022 | ||
